000 00647nam a2200241Ia 4500
005 20260121111820.0
008 1053 260114s9999 xx 000 0 eng d
020 _a9789814271301
037 _aEBOOK
040 _aCRL
_beng
_cCRL
041 _aeng
_2eng
084 _qCRL
100 _aLin I-Hsiung
_9947729
245 0 _aClassical Complex Analysis: a Geometric Approach Volume 2
260 _bWorld Scientific
260 _bWSPC
260 _c2010
650 _aMathematics
_9947730
856 _uhttps://www.worldscientific.com/worldscibooks/10.1142/7249#t=toc
942 _cEBOOK
999 _c1538353
_d1538353